Normal view
MARC view
Entry Personal Name
001 - CONTROL NUMBER
- control field: 25573
003 - CONTROL NUMBER IDENTIFIER
- control field: ARRUPE
005 - DATE AND TIME OF LATEST TRANSACTION
- control field: 20160831094018.0
008 - FIXED-LENGTH DATA ELEMENTS
- fixed length control field: 160831|| aca||aabn | a|a d
040 ## - CATALOGING SOURCE
- Original cataloging agency: ARRUPE
- Transcribing agency: ARRUPE
100 ## - HEADING--PERSONAL NAME
- Personal name: Hérelle, G.
- Fuller form of name: (Georges),
- Dates associated with a name: 1848-1935.
670 ## - SOURCE DATA FOUND
- Source citation: Work cat.: (ARRUPE)0: Blasco Ibáñez, Vicente, 1867-1928. 25571, Arènes sanglantes, 1923